000 00628nam a2200205Ia 4500
005 20250508154044.0
008 008 250505s9999 xx 000 0 eng d
037 _aTextual
040 _aFEDL
_beng
_cFEDL
041 _aeng
_2eng
084 _a330.973, SAL
_qFEDL
100 _aSalvadori Massimo
245 0 _aAmerican economic system : An anthology of writings concerning the American economy
260 _aNew York, USA
_bThe Bobbs-Merrill Company
_c1963
300 _axx,605p.
490 _aThe American Heritage
650 _aEconomics
942 _cTEXL
_h330.973, SAL
999 _c1347335
_d1347335